000 00437nam a2200169Ia 4500
008 230711s9999||||xx |||||||||||||| ||und||
020 _a`
041 _aENG
082 _a621.367
_bDO-D
100 _aDougherty,Geoff
245 0 _aDigital Image Processing for Medical Applications
250 _a1st Ed.
260 _c2015
_aNew Delhi
_bCambridge University Press
300 _a447p.
650 _aElectronics Engineering
942 _cBK
999 _c6607
_d6607